000 00273nam a2200109Ia 4500
003 GCL
008 140319s9999 xx 000 0 ara d
040 _aGCL /
_cGCL
082 0 4 _aط
_b813.081
_bم ش
245 1 0 _aشجرة الدر - قصة تاريخية
490 _aكتاب
_v0
999 _c42774
_d42774